Management and the computer of the future /
Guardado en:
| Otros Autores: | |
|---|---|
| Formato: | Libro |
| Idioma: | English |
| Publicado: |
[Cambridge, Mass.] : New York :
The M.I.T. Press ; John Wiley & Sons,
1962.
|
| Etiquetas: |
Agregar Etiqueta
Sin Etiquetas, Sea el primero en etiquetar este registro!
|
| LEADER | 00752nam a22001575a 4500 | ||
|---|---|---|---|
| 001 | MAT.inmabb001318 | ||
| 008 | 031122s1962####xxu###########000#0#eng#d | ||
| 005 | 20170815123523.0 | ||
| 245 | 0 | 0 | |a Management and the computer of the future / |c Martin Greenberger, editor. |
| 260 | |a [Cambridge, Mass.] : |b The M.I.T. Press ; |a New York : |b John Wiley & Sons, |c 1962. | ||
| 300 | |a xxvi, 340 p. ; |c 21 cm. | ||
| 500 | |a "A series of lectures sponsored by the School of Industrial Management of the Massachusetts Institute of Technology, in the spring of 1961, as part of the centennial year of the Massachusetts Institute of Technology." --LC | ||
| 510 | 4 | |a MR, |c 25 #772 | |
| 700 | 1 | |a Greenberger, Martin. |4 edt | |
| 084 | |a 68-XX |2 msc2000 | ||
| 859 | |h 68 |i M266 |p A-1562 |b BIB. MATEMATICA | ||
